The well-spoken thesaurus : (Record no. 126821)

MARC details
000 -LEADER
campo de control de longitud fija 02528cam a2200433 a 4500
001 - NÚMERO DE CONTROL
campo de control 16539021
003 - IDENTIFICADOR DE NÚMERO DE CONTROL
campo de control BJBSDDR
005 - FECHA Y HORA DE LA ÚLTIMA TRANSACCIÓN
campo de control 20260414161444.0
007 - CAMPO FIJO DE DESCRIPCIÓN FÍSICA--INFORMACIÓN GENERAL
campo de control de longitud fija ta
008 - DATOS DE LONGITUD FIJA--INFORMACIÓN GENERAL
campo de control de longitud fija 101116s2011 ilu d 000 0 eng
010 ## - NÚMERO DE CONTROL DE LA BIBLIOTECA DEL CONGRESO
Número de control de LC 2010047798
016 7# - NÚMERO DE CONTROL DE UNA AGENCIA BIBLIOGRÁFICA NACIONAL
Número de control del registro 015674180
Fuente Uk
020 ## - NÚMERO INTERNACIONAL ESTÁNDAR DEL LIBRO
Número Internacional Estándar del Libro 9781402243059
Información calificativa pbk.
020 ## - NÚMERO INTERNACIONAL ESTÁNDAR DEL LIBRO
Número Internacional Estándar del Libro 1402243057
Información calificativa pbk.
035 ## - NÚMERO DE CONTROL DEL SISTEMA
Número de control de sistema 16539021
035 ## - NÚMERO DE CONTROL DEL SISTEMA
Número de control de sistema (OCoLC)515418519
037 ## - FUENTE DE ADQUISICIÓN
Número de adquisición 1318381
Fuente del número de adquisición QBI
040 ## - FUENTE DE CATALOGACIÓN
Centro catalogador/agencia de origen DLC
Centro/agencia transcriptor DLC
Centro/agencia modificador QBX
-- BTCTA
-- SINLB
-- ZGG
-- PZT
-- UKMGB
-- DLC
Lengua de catalogación eng
041 ## - CÓDIGO DE IDIOMA
Código de lengua del texto/banda sonora o título independiente eng
050 00 - SIGNATURA TOPOGRÁFICA DE LA BIBLIOTECA DEL CONGRESO
Número de clasificación PE1591
Número de ítem H458w 2011
082 00 - NÚMERO DE LA CLASIFICACIÓN DECIMAL DEWEY
Número de clasificación 423/.12
Número de edición 22
100 1# - ENTRADA PRINCIPAL--NOMBRE DE PERSONA
Nombre de persona Heehler, Tom
9 (RLIN) 47953
245 14 - MENCIÓN DEL TÍTULO
Título The well-spoken thesaurus :
Resto del título the most powerful ways to say everyday words and phrases /
Mención de responsabilidad, etc. Tom Heehler.
260 ## - PUBLICACIÓN, DISTRIBUCIÓN, ETC.
Lugar de publicación, distribución, etc. Naperville, Ill. :
Nombre del editor, distribuidor, etc. Sourcebooks,
Fecha de publicación, distribución, etc. c2011.
300 ## - DESCRIPCIÓN FÍSICA
Extensión 391 p. ;
Dimensiones 23 cm.
336 ## - TIPO DE CONTENIDO
Término de tipo de contenido text
Código de tipo de contenido txt
Fuente rdacontent
337 ## - TIPO DE MEDIO
Nombre/término del tipo de medio unmediated
Código del tipo de medio n
Fuente rdamedia
338 ## - TIPO DE SOPORTE
Nombre/término del tipo de soporte volume
Código del tipo de soporte nc
Fuente rdacarrier
505 ## - NOTA DE CONTENIDO CON FORMATO
Nota de contenido con formato On Becoming Articulate<br/>Rhetorical Form and Design<br/>Lesson 1. T.S. Eliot<br/>Lesson 2. Margaret Atwood<br/>Lesson 3. Ernest Hemingway<br/>Lesson 4. Cormac McCarthy<br/>Lesson 5. John Steinbeck<br/>Lesson 6. Norman Mailer<br/>Lesson 7. Edith Wharton<br/>Lesson 8. E.B. White<br/>Lesson 9. J.M. Coetzee<br/>Lesson 10. John Steinbeck<br/>Lesson 11. Barbara Kingsolver<br/>Lesson 12. Joshua Ferris<br/>Lesson 13. Ken Kesey<br/>Lesson 14. Martin Luther King, Jr<br/>Lesson 15. Henry James<br/>Lesson 16. Barack Obama<br/>Lesson 17. Cintra Wilson<br/>The Well-Spoken Vocabulary<br/>The Seven Rhetorical Sins<br/>How This Book Works<br/>Preamble<br/>The Well-Spoken Thesaurus<br/>200 Well-Spoken Alternatives to Common Words and Phrases<br/>
520 ## - RESUMEN, ETC.
Sumario, etc. If you've ever fumbled while trying to use a big word* (*lofty, pretentious word) to impress a crowd, you know what it's like to* (*what it is to) be poorly spoken. The fear of mispronouncing or misusing complex words is real and leaves many of us consigned to the lower levels* (*lower echelons) of the English Language. The Well-Spoken Thesaurus is your guide to eloquence, replacing the ordinary with the extraordinary.
650 #0 - PUNTO DE ACCESO ADICIONAL DE MATERIA--TÉRMINO DE MATERIA
Término de materia o nombre geográfico como elemento de entrada English language
Subdivisión general Synonyms and antonyms.
650 #0 - PUNTO DE ACCESO ADICIONAL DE MATERIA--TÉRMINO DE MATERIA
Término de materia o nombre geográfico como elemento de entrada English language
Subdivisión de forma Terms and phrases.
655 #7 - TERMINO DE INDIZACIÓN--GENERO/FORMA
Datos o término principal de género/forma Dictionaries.
Fuente del término lcgft
Número de control del registro de autoridad o número normalizado https://id.loc.gov/authorities/genreForms/gf2014026086
906 ## - ELEMENTOS DE DATOS F LOCAL, LDF (RLIN)
a 7
b cbc
c orignew
d 1
e ecip
f 20
g y-gencatlg
942 ## - ELEMENTOS DE ENTRADA SECUNDARIOS (KOHA)
Fuente del sistema de clasificación o colocación Clasificación de Library of Congress
Tipo de ítem Koha Libro
Suprimir en OPAC No
946 ## - PROCESAMIENTO DE INFORMACIÓN LOCAL (OCLC)
Iniciales del agente catalogador dpf
Holdings
Estatus retirado Estado de pérdida Fuente del sistema de clasificación o colocación Estado de daño No para préstamo Colección Biblioteca de origen Biblioteca actual Ubicación en estantería Fecha de adquisición Signatura topográfica completa Código de barras Visto por última vez Copia número Tipo de ítem Koha
    Clasificación de Library of Congress     Automatización y Procesos Técnicos Biblioteca Juan Bosch Biblioteca Juan Bosch Automatización y Procesos Técnicos (1er. Piso) 14/04/2026 PE1591 H458w 2011 00000199039 14/04/2026 1 Libro